000 01144nam a2200253Ia 4500
999 _c54448
_d54448
001 21510
003 GE_BSU
005 20211122174150.0
008 181216s||||||||xx |||||||||||||| ||und||
020 _a9789941260605
040 _cGE_BSU
041 _ageo
080 _a070 წ-39
100 _aწერეთელი, მარი
_913006
245 _aდროის პარალელები :
_bძიებანი 19-20 საუკუნეების ქართულ ჟურნალისტიკაში /
_cმარი წერეთელი ; რედ. თ. ჯოლოგუა.
264 _aთბილისი :
_bუნივერსალი,
_c2017.
300 _a239 გვ. :
_bილ. ;
_c21 სმ.
500 _aპირთა საძიებ. გვ. : 231-239
541 _h8 ლ.
653 _aდროის პარალელები
653 _aძიებანი 19-20 საუკუნეების ქართულ ჟურნალისტიკაში
700 _aჯოლოგუა, თ.
_eრედაქტორი
_913007
942 _cBK
_2udc